<?xml version="1.0" encoding="UTF-8"?>
<collection xmlns="http://www.loc.gov/MARC21/slim">
 <record>
  <leader>01282nam a22001935a 4500</leader>
  <controlfield tag="001">CEM.cems025031</controlfield>
  <controlfield tag="008">251217s2000##################000#0#####d</controlfield>
  <controlfield tag="005">20251217175111.0</controlfield>
  <datafield tag="245" ind1="1" ind2="0">
   <subfield code="a">La chica que amaba a Tom Gordon /</subfield>
   <subfield code="c">Stephen King ; traducción de Eduardo G. Murillo.</subfield>
  </datafield>
  <datafield tag="260" ind1=" " ind2=" ">
   <subfield code="a">Barcelona :</subfield>
   <subfield code="b">Plaza &amp; Janes,</subfield>
   <subfield code="c">2000</subfield>
  </datafield>
  <datafield tag="300" ind1=" " ind2=" ">
   <subfield code="a">189 p.</subfield>
  </datafield>
  <datafield tag="520" ind1=" " ind2=" ">
   <subfield code="a">El mundo tenía dientes y podía morderte en cualquier momento. Trisha McFarland lo descubrió cuando tenía nueve años de edad. A las diez de una mañana de principios de junio estaba sentada en el asiento trasero del Dodge Caravan de su madre, vestida con su sudadera azul de entrenamiento de bateo de los Red Sox (el que llevaba 36 Gordon estampado en la espalda), y jugaba con Mona, su muñeca. A las diez y media se había perdido en el bosque. A las once intentaba contener su terror, no pensar: Esto va en serio, esto va muy en serio. Intentaba no pensar que, en ocasiones, cuando la gente se perdía en el bosque salía gravemente perjudicada. A veces incluso moría.</subfield>
  </datafield>
  <datafield tag="020" ind1=" " ind2=" ">
   <subfield code="a">8401014085</subfield>
  </datafield>
  <datafield tag="100" ind1="1" ind2=" ">
   <subfield code="a">King, Stephen</subfield>
  </datafield>
  <datafield tag="700" ind1="1" ind2=" ">
   <subfield code="a">Murillo, Eduardo G., trad.</subfield>
  </datafield>
  <datafield tag="653" ind1=" " ind2=" ">
   <subfield code="a">Terror</subfield>
  </datafield>
  <datafield tag="653" ind1=" " ind2=" ">
   <subfield code="a">Literatura estadounidense</subfield>
  </datafield>
  <datafield tag="653" ind1=" " ind2=" ">
   <subfield code="a">Novela estadounidense</subfield>
  </datafield>
  <datafield tag="859" ind1=" " ind2=" ">
   <subfield code="a">CEMS</subfield>
   <subfield code="b">BIB. CEMS - 11 de abril</subfield>
   <subfield code="h">813.5</subfield>
   <subfield code="i">K587-9</subfield>
   <subfield code="p">30581.25</subfield>
   <subfield code="t">Ej.1</subfield>
  </datafield>
 </record>
</collection>
